| 000 | 01530aab a2200253 i 4500 | ||
|---|---|---|---|
| 001 | 768714001 | ||
| 003 | CO-MdFUSB | ||
| 005 | 20240806122922.0 | ||
| 008 | 240806t1998 -us||||| |||| 00| 0 eng d | ||
| 040 |
_bspa _cCO-MdFUSB |
||
| 041 | _aeng | ||
| 100 | 1 |
_aDeyneka, Peter _eautor |
|
| 245 |
_aEvangelical foreign missionaries in Russia _c/ Peter Deyneka y Anita Deyneka |
||
| 520 | _a En octubre de 1990, una nueva ley sobre religión no sólo proporcionó una libertad sin precedentes para los creyentes religiosos soviéticos, sino que abrió las puertas de la URSS a los misioneros extranjeros. La disolución de la Unión Soviética en diciembre de 1991 y la formación de la CEI (Comunidad de Estados Independientes) abrieron aún más las puertas a Rusia. Los misioneros protestantes que habían entrado en la URSS antes de finales de los años 1980 fueron recibidos calurosamente al principio por los ciudadanos soviéticos de todos los estratos de la sociedad, pero pronto se convirtieron en un torrente, con evangelistas que llegaban de Estados Unidos, Canadá, Corea, Alemania, Suecia y otros países. | ||
| 546 | _aTexto en inglés. | ||
| 650 | 0 |
_aMisiones _9154 |
|
| 650 | 0 |
_aEvangelización _9362 |
|
| 650 | 7 |
_aReligiones _9386 |
|
| 650 | 7 |
_aCristianismo y cultura _vHistoria _96963 |
|
| 700 |
_aDeyneka, Anita, _eautor |
||
| 773 | 0 |
_tInternational Bulletin _049483 _961006 _gVolumen 22, (número 2, 1998), páginas: 56 - 62 _qpágina: 56 |
|
| 942 | _cANA | ||
| 945 | _aCatherine Arias Álvarez - Practicante SENA | ||
| 999 |
_c57333 _d57333 |
||